000 00206 a2200097 4500
001 2590
100 _aBartok, S
245 _aThe naked fall minutes
260 _a
_bSimon & schuster
_c
090 _c1887
_d1887
942 _aNUST-CAE
_cM
_c9857
999 _c237663
_d237663